الإنسان الكامل : (رقم التسجيلة. 40538)

تفاصيل مارك
000 -الفاتح
عناصر البيانات ثابتة الطول 00768cam a2200169 i 4500
005 - تاريخ ووقت آخر معاملة
حقل ضبط 20251203103504.0
008 - عناصر البيانات ثابتة الطول
عناصر البيانات ثابتة الطول 250721s2000 ua gr 000 0 ara d
082 14 - رقم تصنيف ديوي العشري
رقم التصنيف 214.2
رقم المادة ج ي ل
100 1# - مدخل رئيسي – اسم شخصي
الاسم الشخصي الجيلي، عبد الكريم بن ابراهيم
تواريخ خاصة بالشخص -805ه.
علاقة الشخص بالعمل/ دوره مؤلف.
245 12 - بيان العنوان
العنوان الإنسان الكامل :
بقية العنوان في معرفة الأواخر و الأوائل /
بيان المسؤولية تاليف الشيخ عبدالكريم بن ابراهيم الجيلي ؛ تصحيح وتعليق فاتن محمد خليل اللبون فولادكار.
264 31 - بيانات النشر، التوزيع…إلخ
مكان النشر، التوزيع...إلخ بيروت :
اسم الناشر، الموزع...إلخ مؤسسة التاريخ العربي،
تاريخ النشر، التوزيع...إلخ 2000.
300 ## - الوصف المادي
عدد الوحدات المكونة للوعاء 277صفحه.
650 17 - مدخل إضافي بالموضوع - مصطلح موضوعي
مصطلح موضوعي أو اسم جغرافي كعنصر مدخل العقيدة الدينية.
650 17 - مدخل إضافي بالموضوع - مصطلح موضوعي
مصطلح موضوعي أو اسم جغرافي كعنصر مدخل الإلهيات.
942 ## - بيانات إضافية (كوها)
نوع التنصيف Dewey Decimal Classification
نوع المادة (كوها) كتب
المقتنيات
حالة السحب حالة الفقدان مصدر التصنيف حالة التلف غير قابل للإعارة المكتبة الرئيسية المكتبة الحالية موقع الرف تاريخ التزويد الرقم المتسلسل Total Checkouts رقم الإستدعاء الباركود تاريخ آخر ظهور تاريخ الفاتورة نوع المادة (كوها)
    Dewey Decimal Classification     المكتبة المركزية المكتبة المركزية الإعارة 06/07/2004 570163   214.2 / ج ي ل 570163 28/07/2025 06/07/2004 كتب
    Dewey Decimal Classification     مكتبة أبو علندا العامة مكتبة أبو علندا العامة الإعارة 17/11/2015 570178   214.2/جيل PLD00365121 28/07/2025 17/11/2015 كتب
    Dewey Decimal Classification     مكتبة أم قصير والمقابلين العامة مكتبة أم قصير والمقابلين العامة الإعارة 15/08/2014 570177   214.2/جيل PLD00340330 28/07/2025 15/08/2014 كتب
    Dewey Decimal Classification     مكتبة الأميرة ايمان العامة مكتبة الأميرة ايمان العامة الإعارة 01/11/2013 [570169]   214.2/جيل PLD00284595 28/07/2025 01/11/2013 كتب
    Dewey Decimal Classification     مكتبة حمزة العامة مكتبة حمزة العامة الإعارة 26/01/2016 570175   214.2/جيل PLD00370123 28/07/2025 26/01/2016 كتب
    Dewey Decimal Classification     مكتبة صويلح العامة مكتبة صويلح العامة الإعارة 07/10/2015 570170   214.2/جيل PLD00352774 28/07/2025 07/10/2015 كتب
Implemented & Customized by: BBB with SCIT (Smart Chains for Information Technology)

Powered by Koha